Electricity and magnetism

Spremljeno u:
Bibliografski detalji
Autor kompanije: Glencoe Science
Format: Knjiga
Jezik:Undetermined
Izdano: New York Glencoe/McGraw - Hill 2002
Teme:
Oznake: Dodaj oznaku
Bez oznaka, Budi prvi tko označuje ovaj zapis!
Thư viện lưu trữ: Trung tâm Học liệu Trường Đại học Cần Thơ
LEADER 00579nam a2200193Ia 4500
001 CTU_165562
008 210402s9999 xx 000 0 und d
020 |c 23.24 
082 |a 537 
082 |b E37 
110 |a Glencoe Science 
245 0 |a Electricity and magnetism 
245 0 |c Glencoe Science 
260 |a New York 
260 |b Glencoe/McGraw - Hill 
260 |c 2002 
650 |a Electricity,Magnetism,Electromagnetic fields,Điện lực,Từ tính,Điện trường 
904 |i Yen,Qhieu 
980 |a Trung tâm Học liệu Trường Đại học Cần Thơ